000 00826cam a2200301 i 4500
001 768714001
003 CO-MdFUSB
005 20241204154103.0
007 ta
008 241203t1972 -us||||| |||| 00| 0 eng d
020 _a0-8006-0120-3
040 _cCO-MdFUSB
041 0 _aeng
082 0 4 _223
_a236
_bB794c
100 1 _aBraaten, Carl E. (1929-)
_eautor
245 1 0 _aChrist and Counter-Christ :
_bapocalyptic themes in theology and culture
_c/ Carl E. Braaten
264 1 _bFortress Press,
_aPhiladelphia, PA., USA :
_c[1972]
264 4 _c©1972
300 _a152 páginas
336 _atexto
_btxt
_2rdacontent
337 _2rdamedia
_asin mediación
_bn
338 _2rdacarrier
_avolumen
_bnc
501 _aPasta dura
563 _aRustico
653 _aEscatología
942 _cBK
945 _aMiguel
999 _c35091
_d35091